Statistics for Guess the Equine

Click here to take the quiz!

General Stats

  • This quiz has been taken 10 times
  • The average score is 6 of 7

Answer Stats

Answer% Correct
Donkey
100%
Pegasus
100%
Unicorn
100%
Zebra
100%
Horse
80%
Pony
80%
Alicorn
50%

Score Distribution

Percentile by Number Answered

Percent of People with Each Score

Your Score History

You have not taken this quiz